000 01068naa a22003137a 4500
001 BR7805146
003 BR-BrBNA
005 20240918174159.0
007 ta
008 230509b bl.||||| |||| 00| 0 por d
040 _aBR-BrBNA
_bpor
_cBiblioteca Nacional de Agricultura
041 _a(Pt)
072 _aF30
_b1000
_b3530
_bG514
090 _aF30 BR7805146
100 1 _aGama, A.M.P. da
100 1 _aAlvarenga, L.R. de
245 1 _aColecao de matrizes citricas [fruta citrica, Banco de Germoplasma, Limeira, Minas Gerais, Brasil]
260 3 _aBelo Horizonte, MG (Brasil):
_c1978.
500 _aProjeto fruticultura. Relatorio 1974/77 Belo Horizonte, MG (Brasil): 1978. p. 142-144 (BR7805146-AM)F30
650 _aFRUTA CITRICA
650 _aMUDA
650 _aBANCO DE GERMOPLASMA
650 _aMATRIZ
650 _aREPRODUCAO VEGETAL
650 _aMINAS GERAIS
773 0 _tProjeto fruticultura. Relatorio 1974/77
_wF30 BR7805146
_gBelo Horizonte, MG (Brasil), 1978. p. 142-144
909 _a202404
_bLucia
_c55
_dLucia Elande
942 _cAM
_2AGRIS
999 _c309422
_d309422